A sakk és a számítógép

Elmentve itt :
Bibliográfiai részletek
Szerző: Pleszkán Krisztina
További közreműködők: Pluhár András (Témavezető)
Dokumentumtípus: Szakdolgozat
Megjelent: 2001
Tárgyszavak:
Online Access:http://diploma.bibl.u-szeged.hu/2147
LEADER 00803nta a2200181 i 4500
001 dipl2147
005 20130314071046.0
008 101117s2001 hu om 0|| hun d
040 |a SZTE Diploma Repozitórium  |b hun 
041 |a hun 
100 1 |a Pleszkán Krisztina 
245 1 2 |a A sakk és a számítógép  |h [elektronikus dokumentum] /  |c Krisztina Pleszkán 
260 |c 2001 
650 4 |a Informatika 
700 1 |a Pluhár András  |e ths 
856 4 0 |u http://diploma.bibl.u-szeged.hu/id/eprint/2147/1/2001_pleszkan_krisztina_01_p_20.pdf  |z Dokumentum-elérés  
856 4 0 |u http://diploma.bibl.u-szeged.hu/id/eprint/2147/2/2001_pleszkan_krisztina_01_p_20_biralat.pdf  |z Dokumentum-elérés  
856 4 0 |u http://diploma.bibl.u-szeged.hu/id/eprint/2147/3/2001_pleszkan_krisztina_01_p_20_melleklet.tar.gz  |z Dokumentum-elérés